000 01095nam0a22002771 4500
001 rc\3816920
005 20250530062103.0
021 _aRU
_bП1073-75
035 _a(NLR Aleph) 007268005
090 _a5378828
_c5378828
100 _a20120410d1975 |||y0rusy50 ca
101 0 _arus
102 _aRU
_aRU
105 _aab z |||||
200 1 _aНаучные основы прогноза и поисков фосф...
_e[Сборник статей]
_fПод ред. д. г.-м. н. проф. А.С. Соколова
210 _aМосква
_cБ. и.
_d1975
215 _a107 с., 2 л. карт., схем.
_cил.
_d22
225 1 _aТруды Государственного НИИ горного сырья (ГИГХС)
_vВып. 31
320 _aБиблиогр.: с. 101-105
702 1 _4340
_7ca
_8rus
_aСоколов
_bА. С.
_cд-р геол.-минерал. наук
_f1913-2007
_gАндрей Сергеевич
_9109205
_3RU\NLR\AUTH\77126281
801 0 _aRU
_bNLR
_gpsbo
801 1 _aRU
_bELAR
_2rusmarc
852 _aNLR
_jП10/944
942 _cBOOK
980 _aNB